Your diary / (Record no. 7451)
[ view plain ]
| 000 -LEADER | |
|---|---|
| fixed length control field | 00725nam a2200265 a 4500 |
| 001 - CONTROL NUMBER | |
| JCCL Control Number | 7451 |
| 003 - CONTROL NUMBER IDENTIFIER | |
| JCCL marc code | BD - JhCC |
| 005 - DATE AND TIME OF LATEST TRANSACTION | |
| control field | 20180210124238.0 |
| 008 - FIXED-LENGTH DATA ELEMENTS--GENERAL INFORMATION | |
| fixed length control field | 950220s1994 enkak 001 0 eng d |
| 020 ## - INTERNATIONAL STANDARD BOOK NUMBER | |
| International Standard Book Number | 0752102273 |
| 035 ## - SYSTEM CONTROL NUMBER | |
| system control number | (BD - JhCC)7451 |
| 040 ## - CATALOGING SOURCE | |
| Original cataloging agency | AB/N-1 |
| Modifying agency | BD-JhCC |
| 041 ## - LANGUAGE CODE | |
| Language code of Book | eng |
| 082 ## - DEWEY DECIMAL CLASSIFICATION NUMBER | |
| Classification number | 618.24 |
| DDC Edition number | 20 |
| Author mark and Year | AUS 1994 |
| 100 ## - MAIN ENTRY--PERSONAL NAME | |
| Personal name | Austin, Cedric |
| 245 00 - TITLE STATEMENT | |
| Title | Your diary / |
| Statement of responsibility, etc | Cedri Austin |
| 260 ## - PUBLICATION, DISTRIBUTION, ETC. (IMPRINT) | |
| Place of publication, distribution, etc | London : |
| Name of publisher, distributor, etc | Health Education Authority, |
| Date of publication, distribution, etc | c1994 |
| 300 ## - PHYSICAL DESCRIPTION | |
| Pagination | 94 p : |
| Other physical details | col. ill., forms ; |
| Dimensions | 25 cm |
| 500 ## - GENERAL NOTE | |
| General note | "Edited by Jill Cropper" - t.p. verso |
| 650 #0 - SUBJECT ADDED ENTRY--TOPICAL TERM | |
| Topical term or geographic name as entry element | Pregnancy |
| 700 1# - ADDED ENTRY--PERSONAL NAME | |
| Personal name | Cropper, Jill. |
| 710 2# - ADDED ENTRY--CORPORATE NAME | |
| Corporate name or jurisdiction name as entry element | Health Education Authority (Great Britain) |
| 942 ## - ADDED ENTRY ELEMENTS (KOHA) | |
| Source of classification or shelving scheme | Dewey Decimal Classification |
| Koha item type | Books |
| Source of classification or shelving scheme | Damaged status | Not for loan | Home library | Current library | Shelving location | Total Checkouts | Full call number | Barcode | Date last seen | Copy number | Koha item type |
|---|---|---|---|---|---|---|---|---|---|---|---|
| Dewey Decimal Classification | JCC Rouf Library | JCC Rouf Library | General Stacks | 618.24 AUS 1994 | 9535 | 02/10/2018 | C - 1 | Books |